| Поле | Название | Значение |
| |
Тип записи |
a |
| |
Библиографический уровень |
m |
| 001 |
Контрольный номер |
RU/URAIT/589879 |
| 005 |
Дата корректировки |
20260429163648.4 |
| 008 |
Кодируемые данные |
260429s2026 RU y f j 000 0 rus u |
| 020 |
Индекс ISBN |
__ |
| a |
ISBN |
978-5-534-19986-4 |
| c |
Цена, тираж |
619.00 |
| 040 |
Источник каталогиз. |
__ |
| a |
Служба первич. каталог. |
ИКО Юрайт |
| c |
Служба, преобразующая запись |
ИКО Юрайт |
| e |
Правила каталог. |
RCR |
| 041 |
Код языка издания |
__ |
| a |
Код языка текста |
rus |
| 044 |
Код страны публикации |
__ |
| a |
Код страны публикации |
RU |
| 080 |
Индекс УДК |
__ |
| a |
Индекс УДК |
681.5(075.8) |
| 084 |
Индекс другой классификации/Индекс ББК |
__ |
| 2 |
Источник индекса |
rubbk |
| a |
Индекс другой классификации/Индекс ББК |
32.965я73 |
| 100 |
Автор |
__ |
| a |
Автор |
Серебряков А. С. |
| q |
Полное имя |
Серебряков Александр Сергеевич |
| 245 |
Заглавие |
__ |
| a |
Заглавие |
Телемеханика |
| b |
Продолж. заглавия |
учебник и практикум для спо |
| c |
Ответственность |
А. С. Серебряков, Д. А. Семенов, Е. А. Чернов ; под общей редакцией А. С. Серебрякова. |
| 250 |
Сведения об издании |
__ |
| g |
|
пер. и доп |
| a |
Основные сведения об издании |
2-е изд. |
| 256 |
Характеристики компьютерного файла |
__ |
| a |
Характеристики компьютерного файла |
Электрон. дан. |
| 260 |
Выходные данные |
__ |
| a |
Место издания |
Москва |
| b |
Издательство |
Юрайт |
| c |
Дата издания |
2026 |
| 300 |
Физическое описание |
__ |
| a |
Объем |
106 с |
| 440 |
Серия |
__ |
| a |
Серия |
Профессиональное образование |
| 500 |
Примечания |
__ |
| a |
Примечание |
URL: https://urait.ru/bcode/589879 (дата обращения: 29.04.2026). |
| 520 |
Аннотация |
__ |
| a |
Аннотация |
В курсе изложены основы теории систем автоматического регулирования. Рассмотрены принцип действия, функции и параметры основных элементов данных систем. Приведен анализ динамики линейных систем, а также анализ и синтез дискретных систем управления с применением интегрированных пакетов MathCad и MATLAB. Представлены методики изображения процесса регулирования на фазовой плоскости и оценки качества процесса регулирования. Изложены сведения о системах управления с использованием нечеткой логики и искусственных нейронных сетей. Освещены основные теоретические положения и практика применения схемотехники и телемеханики. Рассмотрены вопросы автоматического управления процессом диагностирования и поиском неисправностей в электрических цепях с релейными элементами, а также инженерная методика проектирования электроавтоматики промышленных механизмов с применением циклограмм. Рассмотрены способы и устройства взаимодействия человека с автоматизированной системой. Приведены сведения о человеко-машинном интерфейсе в системе автоматизации станков с числовым программным управлением и поиске неисправностей в ней. Соответствует актуальным требованиям федерального государственного образовательного стандарта высшего образования. Для студентов высших учебных заведений, обучающихся по электротехническим, электромеханическим и элетроэнергетическим направлениям и специальностям; также может быть полезен инженерам и техникам, занятым разработкой и обслуживанием систем автоматики и телемеханики. |
| 538 |
Прим. о системных особенностях |
__ |
| a |
Прим. о системных особенностях |
Режим доступа: Электронно-библиотечная система Юрайт, для авториз. пользователей |
| 653 |
Ключевые слова |
__ |
| a |
Ключевые слова |
Автоматика и управление |
| 653 |
Ключевые слова |
__ |
| a |
Ключевые слова |
Технические науки |
| 653 |
Ключевые слова |
__ |
| a |
Ключевые слова |
Автоматика, телемеханика и связь на железнодорожном транспорте |
| 653 |
Ключевые слова |
__ |
| a |
Ключевые слова |
Цифровая схемотехника |
| 653 |
Ключевые слова |
__ |
| a |
Ключевые слова |
Основы планирования работ по техническому обслуживанию и монтажу устройств и приборов систем СЦБ и систем железнодорожной автоматики и телемеханики |
| 653 |
Ключевые слова |
__ |
| a |
Ключевые слова |
Организация и проведение ремонта и регулировки устройств и приборов систем сигнализации, централизации и блокировки, железнодорожной автоматики и телемеханики |
| 653 |
Ключевые слова |
__ |
| a |
Ключевые слова |
Техническое обслуживание устройств систем сигнализации, централизации и блокировки, железнодорожной автоматики и телемеханики |
| 653 |
Ключевые слова |
__ |
| a |
Ключевые слова |
Телемеханика |
| 653 |
Ключевые слова |
__ |
| a |
Ключевые слова |
Автоматика и телемеханика систем газоснабжения |
| 653 |
Ключевые слова |
__ |
| a |
Ключевые слова |
Схемотехника цифровая |
| 653 |
Ключевые слова |
__ |
| a |
Ключевые слова |
Техническое обслуживание устройств систем сигнализации, централизации и блокировки (СЦБ) и железнодорожной автоматики и телемеханики (ЖАТ) |
| 700 |
Другие авторы |
__ |
| a |
Другие авторы |
Семенов Д. А. |
| q |
Полное имя |
Семенов Дмитрий Александрович |
| 700 |
Другие авторы |
__ |
| a |
Другие авторы |
Чернов Е. А. |
| q |
Полное имя |
Чернов Евгений Александрович |
| 856 |
Электронный адрес документа |
40 |
| n |
Местонахождение сервера |
Юрайт |
| g |
|
Электронная книга |
| q |
Тип электронного формата |
html |
| h |
Имя пользователя |
ЮРАЙТ |
| v |
Часы доступа к ресурсу |
20271231 |
| 2 |
Способ доступа |
Показать документ |
| x |
Служебное примечание |
https://urait.ru/book/cover/9C572259-E0A7-47C0-A0F0-299717D0334E |
| u |
URL |
https://urait.ru/bcode/589879 |
| 856 |
Электронный адрес документа |
48 |
| q |
Тип электронного формата |
cover |
| u |
URL |
https://urait.ru/book/cover/9C572259-E0A7-47C0-A0F0-299717D0334E |
| 911 |
|
__ |
| u |
|
0030=https://urait.ru/bcode/589879 |
| 911 |
|
__ |
| u |
|
073a=9785534199864 |
| u |
|
073d=619.00 |
| 911 |
|
__ |
| u |
|
106a=s |
| 911 |
|
__ |
| u |
|
900l= |
| 952 |
Тип литературы |
__ |
| i |
Дисциплина |
Автоматика, телемеханика и связь на железнодорожном транспорте |
| 952 |
Тип литературы |
__ |
| i |
Дисциплина |
Цифровая схемотехника |
| 952 |
Тип литературы |
__ |
| i |
Дисциплина |
Основы планирования работ по техническому обслуживанию и монтажу устройств и приборов систем СЦБ и систем железнодорожной автоматики и телемеханики |
| 952 |
Тип литературы |
__ |
| i |
Дисциплина |
Организация и проведение ремонта и регулировки устройств и приборов систем сигнализации, централизации и блокировки, железнодорожной автоматики и телемеханики |
| 952 |
Тип литературы |
__ |
| i |
Дисциплина |
Техническое обслуживание устройств систем сигнализации, централизации и блокировки, железнодорожной автоматики и телемеханики |
| 952 |
Тип литературы |
__ |
| i |
Дисциплина |
Телемеханика |
| 952 |
Тип литературы |
__ |
| i |
Дисциплина |
Автоматика и телемеханика систем газоснабжения |
| 952 |
Тип литературы |
__ |
| i |
Дисциплина |
Схемотехника цифровая |
| 952 |
Тип литературы |
__ |
| i |
Дисциплина |
Техническое обслуживание устройств систем сигнализации, централизации и блокировки (СЦБ) и железнодорожной автоматики и телемеханики (ЖАТ) |